El Salvador: elecciones para constituyente 1982

שמור ב:
מידע ביבליוגרפי
פורמט: Texto
יצא לאור: San Salvador: S.D.
נושאים:
תגים: הוספת תג
אין תגיות, היה/י הראשונ/ה לתייג את הרשומה!

MARC

LEADER 00000 a a2200000 04500
001 21028
003
040 |a CRAI/IIS  |c CRAI/IIS 
090 |a 090700  
245 |a El Salvador: elecciones para constituyente 1982  
260 |a San Salvador:   |b S.D.  
300 |a S.D.  
650 |a CUADROS ESTADISTICOS  
999 |c 7184  |d 7184